000 01400cam a2200337 a 4500
001 1546
003 FISKH
005 20230906132948.0
008 110817s2011 nyu b 000 1 eng
010 _a 2011453999
020 _a9780486478050 (pbk.)
020 _a9780007449408
020 _a048647805X (pbk.)
040 _aDLC
_cDLC
_beng
_dFISKH
042 _apcc
043 _ae-ie---
050 0 0 _aPR6019.O9
_bD8 2011b
082 0 0 _a823/.912
100 1 _aJoyce, Jame
_d1882-1941.
245 1 0 _aDubliners /
_cJames Joyce.
250 _aDover thrift study ed.
260 _aDublin :
_bHarper Collins.
_c2011
300 _a242 pages :
_c18 cm
520 _aIntroduction and Notes by Laurence Davies, Dartmouth College, New Hampshire. Living overseas but writing, always, about his native city, Joyce made Dublin unforgettable. The stories in Dubliners show us truants, seducers, gossips, rally-drivers, generous hostesses, corrupt politicians, failing priests, amateur theologians, struggling musicians, moony adolescents, victims of domestic brutishness, sentimental aunts and poets, patriots earnest or cynical, and people striving to get by.
521 8 _a900
_bLexile
651 0 _aDublin (Ireland)
_vFiction.
651 0 _aIreland
906 _a7
_bcbc
_corignew
_d2
_encip
_f20
_gy-gencatlg
942 _2ddc
_cBK
_n0
999 _c1546
_d1546